Fundamentals of Database Systems / (Record no. 572)
[ view plain ]
| 000 -LEADER | |
|---|---|
| fixed length control field | 00803cam a22002535a 4500 |
| 008 - FIXED-LENGTH DATA ELEMENTS--GENERAL INFORMATION | |
| fixed length control field | 100920b MAUad||f |||| 00| 0 eng d |
| 020 ## - INTERNATIONAL STANDARD BOOK NUMBER | |
| International Standard Book Number | 0201542633 |
| 020 ## - INTERNATIONAL STANDARD BOOK NUMBER | |
| International Standard Book Number | 9780201542639 |
| 040 ## - CATALOGING SOURCE | |
| Original cataloging agency | EG-ScBUE |
| Language of cataloging | ENG |
| Transcribing agency | EG-ScBUE |
| 082 04 - DEWEY DECIMAL CLASSIFICATION NUMBER | |
| Classification number | 005.74 |
| Item number | ELM |
| Edition number | 22 |
| 100 1# - MAIN ENTRY--PERSONAL NAME | |
| Personal name | Elmasri, Ramez. |
| 9 (RLIN) | 19541 |
| 245 10 - TITLE STATEMENT | |
| Title | Fundamentals of Database Systems / |
| Statement of responsibility, etc | Ramez Elmasri, Shamkant B. Navathe. |
| 250 ## - EDITION STATEMENT | |
| Edition statement | 3RD ed. |
| 260 ## - PUBLICATION, DISTRIBUTION, ETC. (IMPRINT) | |
| Place of publication, distribution, etc | Boston, Mass.: |
| Name of publisher, distributor, etc | Addison-Wesley, |
| Date of publication, distribution, etc | [20--] |
| 300 ## - PHYSICAL DESCRIPTION | |
| Extent | 955 p. : |
| Other physical details | ill. ; |
| Dimensions | 24 cm. |
| 500 ## - GENERAL NOTE | |
| General note | Includes index. |
| 504 ## - BIBLIOGRAPHY, ETC. NOTE | |
| Bibliography, etc | Includes bibliographical references . |
| 650 ## - SUBJECT ADDED ENTRY--TOPICAL TERM | |
| Topical term or geographic name as entry element | Database management. |
| 9 (RLIN) | 19542 |
| Source of heading or term | BUEsh |
| 651 ## - SUBJECT ADDED ENTRY--GEOGRAPHIC NAME | |
| Source of heading or term | BUEsh |
| 653 ## - INDEX TERM--UNCONTROLLED | |
| Resource For college | Informatics and Computer Science |
| Arrived date list | August2015 |
| 655 ## - INDEX TERM--GENRE/FORM | |
| Form subdivision | |
| -- | 33728 |
| 700 ## - ADDED ENTRY--PERSONAL NAME | |
| Personal name | Navathe, Shamkant B. |
| 9 (RLIN) | 19543 |
| 942 ## - ADDED ENTRY ELEMENTS (KOHA) | |
| Item type | Book - Borrowing |
| Call number prefix | 005.74 ELM |
| Source of classification or shelving scheme | Dewey Decimal Classification |
| Withdrawn status | Item status | Source of classification or shelving scheme | Damaged status | Not for loan | Vendor | Home library | Current library | Shelving location | Date acquired | Source of acquisition | Cost, normal purchase price | Total Checkouts | Total Renewals | Full call number | Barcode | Date last seen | Date last borrowed | Cost, replacement price | Koha item type |
|---|---|---|---|---|---|---|---|---|---|---|---|---|---|---|---|---|---|---|---|
| Dewey Decimal Classification | Baccah | Central Library | Central Library | Lower Floor | 18/07/2006 | 495.00 | 4 | 7 | 005.74 ELM | 000004031 | 15/07/2025 | 06/11/2013 | 618.75 | Book - Borrowing | |||||
| Dewey Decimal Classification | Baccah | Central Library | Central Library | Lower Floor | 25/11/2009 | 495.00 | 10 | 93 | 005.74 ELM | 000019074 | 15/07/2025 | 28/11/2024 | 618.75 | Book - Borrowing | |||||
| Dewey Decimal Classification | Baccah | Central Library | Central Library | Lower Floor | 20/09/2010 | 495.00 | 005.74 ELM | 000004048 | 15/07/2025 | 618.75 | Book - Borrowing |